Intriga en torno a Alemania / (Record no. 79933)

MARC details
000 -LEADER
campo de control de longitud fija 00667nam a2200217 i 4500
001 - NÚMERO DE CONTROL
campo de control 79933
003 - IDENTIFICADOR DE NÚMERO DE CONTROL
campo de control ES-MaACL
005 - FECHA Y HORA DE LA ÚLTIMA TRANSACCIÓN
campo de control 20250808022124.0
007 - CAMPO FIJO DE DESCRIPCIÓN FÍSICA--INFORMACIÓN GENERAL
campo de control de longitud fija t|
008 - DATOS DE LONGITUD FIJA--INFORMACIÓN GENERAL
campo de control de longitud fija 041025s1956 sp ||||1| spa d
100 1# - ENTRADA PRINCIPAL--NOMBRE DE PERSONA
Nombre de persona Hesse, Fritz.
9 (RLIN) 63471
245 10 - MENCIÓN DEL TÍTULO
Título Intriga en torno a Alemania /
Mención de responsabilidad, etc. Fritz Hesse ; [versión española de Manuel Picos Vilabella].
250 ## - MENCION DE EDICION
Mención de edición [1ª ed.].
260 ## - PUBLICACIÓN, DISTRIBUCIÓN, ETC.
Lugar de publicación, distribución, etc. Barcelona :
Nombre del editor, distribuidor, etc. Luis de Caralt,
Fecha de publicación, distribución, etc. [1956] (
Fabricante Horta)
300 ## - DESCRIPCIÓN FÍSICA
Extensión 455 p. ;
Dimensiones 22 cm.
490 1# - MENCIÓN DE SERIE
Mención de serie La vida vivida
700 1# - ENTRADA AGREGADA--NOMBRE PERSONAL
Nombre de persona Picos Vilabella, Manuel.
9 (RLIN) 91882
830 03 - PUNTO DE ACCESO ADICIONAL DE SERIE-TÍTULO UNIFORME
Título uniforme La vida vivida
9 (RLIN) 180877
852 ## - LOCALIZACIÓN
Ubicación ES-MaACL
Número de control de estantería C-10460
Sublocalización o colección R.38648
Holdings
Estatus retirado Estado de pérdida Estado de daño No para préstamo Biblioteca de origen Biblioteca actual Ubicación en estantería Fecha de adquisición Fuente de adquisición Total de préstamos Signatura topográfica completa Código de barras Visto por última vez Precio de reemplazo Tipo de ítem Koha
        Biblioteca del Ateneo de Madrid Biblioteca del Ateneo de Madrid Sala Palomar 17/01/2008     C-10460 1083579 23/02/2023 23/02/2023 Libro impreso